Statistiques concernant Pays "Stan" - Carte Quiz

Cliquez ici pour prendre le quiz!

Statistiques générales

  • Ce quiz a été pris 472 fois
  • Le résultat moyen est 6 sur 7

Réponses sur la Carte

Les réponses sont colorées sur une échelle allant du rouge au vert en fonction du pourcentage des utilisateurs qui les ont devinées à leur premier essai. Vous pouvez retrouver ces pourcentages ci-dessous.
 

Statistiques - réponses

Réponse% Correct
Kazakhstan
94%
Pakistan
90%
Afghanistan
88%
Ouzbekistan
80%
Tadjikistan
78%
Kirghizistan
76%
Turkmenistan
74%

Distribution des résultats

Percentile par nombre de réponses

% des personnes avec chaque résultat

Votre développement - résultats

Vous n’avez pas pris ce quiz